عرض عادي
عرض مارك
- Advertising and children.
مدخل مصطلح موضوعي
001 - رقم الضبط
- حقل الضبط: 17718
003 - معرف رقم الضبط
- حقل الضبط: OSt
005 - تاريخ ووقت أخر عملية
- حقل الضبط: 20121129220905.0
008 - عناصر بيانات ثابتة الطول
- حقل تحكم ثابت الطول: 121129|||a|||||| | ||| d
040 ## - مصدر الفهرسة
- هيئة الفهرسة الأصلية: OSt
- وكالة الكتابة: OSt
150 ## - مدخل-- مصطلح تاريخي
- عنصر مدخل المصطلح الموضوعي او الاسم الجغرافي: Advertising and children.
670 ## - بيانات المصدر موجوده
- الاستشهاد بالمصدر: Work cat.: (OSt)0: Lindström, Martin, 1970- 17716, Brandchild :, 2003.
